Oil-Producing Countries - Sudden Death - Statistics

General Stats
  • This quiz has been taken 90 times
  • The average score is 14 of 20
Answers on the Grid
Answers color-coded by a green-red scale on the quiz's grid according to % correct below.
United States
Saudi Arabia
Rwanda
Cambodia
Russia
Canada
Luxembourg
Seychelles
China
Iraq
Malta
Brazil
United Arab Emirates
Iran
Armenia
Kuwait
Nepal
Mexico
Iceland
Barbados
Palau
Kazakhstan
Norway
Mali
Eritrea
Chad
Nigeria
Angola
Fiji
Panama
Algeria
Jamaica
Tonga
Venezuela
Oman
Afghanistan
Belize
Malaysia
Azerbaijan
 
Answer Stats
Answer % Correct
Saudi Arabia
95%
Iraq
87%
Russia
87%
Iran
85%
United States
85%
United Arab Emirates
84%
Kuwait
82%
Venezuela
80%
Canada
72%
Norway
69%
Mexico
67%
China
66%
Brazil
62%
Kazakhstan
62%
Oman
57%
Nigeria
54%
Algeria
48%
Azerbaijan
46%
Angola
44%
Malaysia
38%
No matching quizzes found
Score Distribution
Percent of People with Each Score
Percentile by Number Answered
Your Score History
You have not taken this quiz